[Event "Oberliga Nord W 1819"]
[Site "Germany"]
[Date "2019.04.07"]
[Round "9.5"]
[White "Usachyi, Vladimir"]
[Black "Plasman, Hans"]
[Result "1/2-1/2"]
[WhiteElo "2123"]
[BlackElo "2138"]
[PlyCount "47"]
[EventDate "2018.10.21"]
[EventType "team-tourn"]
[EventRounds "9"]
[EventCountry "GER"]
[SourceTitle "EXT 2020"]
[Source "ChessBase"]
[SourceDate "2019.10.17"]
[SourceVersion "1"]
[SourceVersionDate "2019.10.17"]
[SourceQuality "1"]
[WhiteTeam "Hannover"]
[BlackTeam "Nordhorn Blanke"]
[WhiteTeamCountry "GER"]
[BlackTeamCountry "GER"]

1. d4 Nf6 2. c4 e6 3. Nc3 Bb4 4. e3 d5 5. Nf3 0-0 6. Bd3 b6 7. 0-0 dxc4 8. Bxc4 Ba6 9. Bxa6 Nxa6 10. Qe2 Qc8 11. e4 c5 12. e5 Nd7 13. Ne4 cxd4 14. Neg5 Re8 15. Nxh7 Kxh7 16. Ng5+ Kg8 17. Qh5 Nf8 18. Qxf7+ Kh8 19. a3 Be7 20. f4 Qd7 21. Qh5+ Kg8 22. Qf7+ Kh8 23. Qh5+ Kg8 24. Qf7+ 1/2-1/2

[Event "Hilversum op"]
[Site "Hilversum"]
[Date "2018.06.24"]
[Round "5"]
[White "Elgersma, Simon"]
[Black "Plasman, Hans"]
[Result "1-0"]
[WhiteElo "2260"]
[BlackElo "2178"]
[PlyCount "77"]
[EventDate "2018.06.22"]
[EventType "swiss"]
[EventRounds "6"]
[EventCountry "NED"]
[SourceTitle "CBM 185 Extra"]
[Source "ChessBase"]
[SourceDate "2018.07.29"]
[SourceVersion "1"]
[SourceVersionDate "2018.07.29"]
[SourceQuality "1"]

1. e4 e5 2. Nf3 Nc6 3. Bb5 f5 4. Nc3 fxe4 5. Nxe4 Nf6 6. Nxf6+ Qxf6 7. Qe2 Be7 8. Bxc6 bxc6 9. d4 e4 10. Qxe4 d5 11. Qe5 Bf5 12. c3 Qxe5+ 13. Nxe5 c5 14. 0-0 0-0 15. Re1 cxd4 16. Nc6 Bf6 17. cxd4 Rfe8 18. Be3 Bd7 19. Nb4 c6 20. Na6 Re7 21. Rec1 Be8 22. b3 Rb7 23. Rc3 Rd8 24. h3 Be7 25. Re1 h6 26. Bf4 Bf8 27. Rg3 Kh7 28. Nc7 Bf7 29. Ne6 Re8 30. Nxf8+ Rxf8 31. Bd6 Re8 32. Be5 Bg6 33. Rc1 Re6 34. Rc5 Rb5 35. Rgc3 Rxc5 36. Rxc5 Bd3 37. Rc3 Bb5 38. a4 Ba6 39. Bb8 1-0

[Event "Oberliga Nord W 1718"]
[Site "Germany"]
[Date "2018.04.15"]
[Round "9.4"]
[White "Hoerstmann, Rudi"]
[Black "Plasman, Hans"]
[Result "1-0"]
[WhiteElo "2227"]
[BlackElo "2201"]
[PlyCount "89"]
[EventDate "2017.10.08"]
[EventType "team-tourn"]
[EventRounds "9"]
[EventCountry "GER"]
[SourceTitle "EXT 2019"]
[Source "ChessBase"]
[SourceDate "2018.10.10"]
[SourceVersion "1"]
[SourceVersionDate "2018.10.10"]
[SourceQuality "1"]
[WhiteTeam "Liste Turm"]
[BlackTeam "Nordhorn Blanke"]
[WhiteTeamCountry "GER"]
[BlackTeamCountry "GER"]

1. d4 Nf6 2. c4 g6 3. Nc3 Bg7 4. e4 d6 5. Nf3 0-0 6. Be2 Nbd7 7. 0-0 e5 8. Qc2 c6 9. Rd1 Qe7 10. d5 c5 11. Bg5 h6 12. Bd2 Nh7 13. Ne1 f5 14. exf5 gxf5 15. f4 exf4 16. Nd3 f3 17. gxf3 Bd4+ 18. Kh1 Ng5 19. Nf4 Ne5 20. Rf1 Bd7 21. Nb5 Bxb5 22. cxb5 Qf7 23. Rae1 Rae8 24. Ne6 Nxe6 25. dxe6 Qxe6 26. Bc3 Kh8 27. Bxd4 cxd4 28. Qd2 f4 29. Qxd4 b6 30. Bd1 Rf6 31. Bb3 Qh3 32. Bd5 Ref8 33. Rg1 Qd7 34. Rg2 Qxb5 35. Reg1 Qd7 36. Qe4 Qf5 37. Qd4 Qd7 38. Qe4 Qf5 39. Qa4 Nf7 40. Be4 Qa5 41. Qd7 d5 42. Qe7 Ng5 43. Rxg5 R6f7 44. Qxf7 Rxf7 45. Rg8# 1-0

[Event "Oberliga Nord W 1718"]
[Site "Germany"]
[Date "2017.10.08"]
[Round "1.3"]
[White "Issing, Peter"]
[Black "Plasman, Hans"]
[Result "1/2-1/2"]
[WhiteElo "2196"]
[BlackElo "2201"]
[PlyCount "89"]
[EventDate "2017.10.08"]
[EventType "team-tourn"]
[EventRounds "9"]
[EventCountry "GER"]
[SourceTitle "EXT 2019"]
[Source "ChessBase"]
[SourceDate "2018.10.10"]
[SourceVersion "1"]
[SourceVersionDate "2018.10.10"]
[SourceQuality "1"]
[WhiteTeam "Bremer SG"]
[BlackTeam "Nordhorn Blanke"]
[WhiteTeamCountry "GER"]
[BlackTeamCountry "GER"]

1. d4 g6 2. c4 Bg7 3. Nc3 c5 4. Nf3 d6 5. h3 cxd4 6. Nxd4 Nc6 7. e3 Nf6 8. Be2 0-0 9. 0-0 Bd7 10. b3 a6 11. Bb2 Qa5 12. Qd2 Rfc8 13. Rfd1 b5 14. cxb5 Nxd4 15. exd4 axb5 16. Bf3 b4 17. Ne2 d5 18. a3 bxa3 19. Qxa5 Rxa5 20. Rxa3 Raa8 21. Rda1 Rab8 22. Bc1 Rc2 23. Bf4 Rbc8 24. Be3 Bf5 25. Ra7 Be4 26. Bxe4 Nxe4 27. Nf4 e6 28. Rb7 Nd6 29. Rd7 Nb5 30. Ra4 Bh6 31. g3 Kg7 32. Nxe6+ Kf6 33. Nf4 Bxf4 34. Bxf4 Ke6 35. Rb7 Nc3 36. Ra6+ Kf5 37. Rxf7+ Ke4 38. Be3 Rb2 39. Rxh7 Rxb3 40. Rxg6 Rf8 41. Kg2 Nd1 42. Re6+ Kd3 43. Rh4 Rb2 44. Rf4 Rxf4 45. Bxf4 1/2-1/2

[Event "Lost Boys op"]
[Site "Amsterdam"]
[Date "2002.07.30"]
[Round "5"]
[White "Van Delft, Merijn"]
[Black "Plasman, Hans"]
[Result "1-0"]
[WhiteElo "2340"]
[BlackElo "2255"]
[PlyCount "103"]
[EventDate "2002.07.26"]
[EventType "swiss"]
[EventRounds "9"]
[EventCountry "NED"]
[SourceTitle "CBM 089 Extra"]
[Source "ChessBase"]
[SourceDate "2002.09.10"]
[SourceVersion "2"]
[SourceVersionDate "2002.09.10"]
[SourceQuality "1"]

1. Nf3 Nf6 2. d4 e6 3. c4 Bb4+ 4. Bd2 Qe7 5. g3 Nc6 6. Bg2 Bxd2+ 7. Nbxd2 d6 8. 0-0 a5 9. e4 e5 10. d5 Nb8 11. Ne1 h5 12. h3 h4 13. g4 Kf8 14. b3 g6 15. a3 Bd7 16. Nd3 Na6 17. b4 g5 18. Qe2 b5 19. Qe3 bxc4 20. Nxc4 axb4 21. axb4 Bb5 22. Rfc1 Nd7 23. Ra5 Bxc4 24. Rxc4 Kg7 25. Rc1 Nb6 26. Qe1 Nb8 27. Qc3 Rc8 28. Rca1 N8d7 29. Qc6 Qd8 30. Ne1 Rxa5 31. bxa5 Ra8 32. Nc2 Nb8 33. Qb5 N6d7 34. a6 Ra7 35. Nb4 Qc8 36. Bf1 Nc5 37. Qc4 Qd8 38. Ra5 Qf6 39. Qc2 Qg6 40. Rxc5 dxc5 41. Qxc5 Qb6 42. Qe7 Kg6 43. Nd3 Qf6 44. Qe8 Nxa6 45. Nxe5+ Kh7 46. Nd7 Qg7 47. e5 Nb4 48. Nf6+ Kh6 49. Qb8 Ra4 50. Qb5 Nxd5 51. Qxa4 Nxf6 52. Qc6 1-0

[Event "Lost Boys op"]
[Site "Amsterdam"]
[Date "2002.07.26"]
[Round "1"]
[White "Pedersen, Nicolai Vesterbaek"]
[Black "Plasman, Hans"]
[Result "1-0"]
[WhiteElo "2458"]
[BlackElo "2255"]
[PlyCount "91"]
[EventDate "2002.07.26"]
[EventType "swiss"]
[EventRounds "9"]
[EventCountry "NED"]
[SourceTitle "CBM 089 Extra"]
[Source "ChessBase"]
[SourceDate "2002.09.10"]
[SourceVersion "2"]
[SourceVersionDate "2002.09.10"]
[SourceQuality "1"]

1. d4 Nf6 2. c4 e6 3. Nc3 Bb4 4. Qc2 Nc6 5. Nf3 0-0 6. Bd2 d6 7. a3 Bxc3 8. Bxc3 Qe7 9. e3 a5 10. b3 e5 11. dxe5 dxe5 12. h3 Rd8 13. Be2 e4 14. Nd2 Bf5 15. Qb2 Rd7 16. g4 Bg6 17. h4 h6 18. 0-0-0 Rad8 19. Rhg1 Ne8 20. g5 h5 21. Nf1 Rxd1+ 22. Bxd1 Qd7 23. Ng3 Qh3 24. Rh1 Qg2 25. Qe2 a4 26. Qf1 Qxf1 27. Rxf1 axb3 28. Kb2 Nd6 29. Kxb3 Bf5 30. Nxh5 Nxc4 31. Nxg7 Nd2+ 32. Kc2 Nxf1 33. Nxf5 Rd5 34. Nh6+ Kh7 35. Bg4 Kg6 36. Bf6 Rd2+ 37. Kc3 Rxf2 38. h5+ Kh7 39. Bf5+ Rxf5 40. Nxf5 Nh2 41. Nh6 Nf3 42. Nxf7 Nh4 43. g6+ Nxg6 44. Ng5+ Kh6 45. hxg6 Kxg6 46. Nxe4 1-0

[Event "Hoogeveen Essent op"]
[Site "Hoogeveen"]
[Date "2001.10.17"]
[Round "6"]
[White "Span, Paul"]
[Black "Plasman, Hans"]
[Result "1/2-1/2"]
[WhiteElo "2223"]
[BlackElo "2217"]
[PlyCount "60"]
[EventDate "2001.10.12"]
[EventType "swiss"]
[EventRounds "9"]
[EventCountry "NED"]
[SourceTitle "CBM 084 Extra"]
[Source "ChessBase"]
[SourceDate "2001.10.26"]
[SourceVersion "1"]
[SourceVersionDate "2001.10.26"]
[SourceQuality "1"]

1. e4 e5 2. Nf3 Nc6 3. Bb5 f5 4. Nc3 fxe4 5. Nxe4 Nf6 6. Nxf6+ gxf6 7. d4 Bg7 8. dxe5 fxe5 9. Bxc6 bxc6 10. Bg5 Bf6 11. Nxe5 0-0 12. Bxf6 Qxf6 13. Qg4+ Kh8 14. Nf3 Re8+ 15. Kd2 Ba6 16. Rae1 Qxb2 17. Qd4+ Qxd4+ 18. Nxd4 Bc4 19. a3 Bd5 20. f3 Rg8 21. Rhg1 Raf8 22. Ne2 Rf5 23. Ng3 Rf4 24. Ne4 Bxe4 25. fxe4 Rgg4 26. Rb1 Rxe4 27. Rb7 Ra4 28. Rxc7 Rgd4+ 29. Kc3 Rd5 30. Kb3 Rh4 1/2-1/2

[Event "Dieren op"]
[Site "Dieren"]
[Date "2001.07.19"]
[Round "3"]
[White "Plasman, Hans"]
[Black "Janssen, Ruud"]
[Result "1/2-1/2"]
[WhiteElo "2215"]
[BlackElo "2437"]
[PlyCount "53"]
[EventDate "2001.07.17"]
[EventType "swiss"]
[EventRounds "9"]
[EventCountry "NED"]
[SourceTitle "CBM 083 Extra"]
[Source "ChessBase"]
[SourceDate "2001.09.11"]
[SourceVersion "1"]
[SourceVersionDate "2001.09.11"]
[SourceQuality "1"]

1. e4 c5 2. d4 cxd4 3. c3 Nf6 4. e5 Nd5 5. cxd4 d6 6. Bc4 Nb6 7. Bb5+ Bd7 8. e6 Bxb5 9. Qh5 Qc8 10. Qxb5+ Kd8 11. Be3 Qxe6 12. d5 Qd7 13. Qa5 Na6 14. Nc3 Ke8 15. Bxb6 axb6 16. Qxb6 g6 17. Nge2 Bg7 18. 0-0 f5 19. Nf4 Rc8 20. Ne6 Bf6 21. Nb5 Kf7 22. Rac1 Nb4 23. Nbc7 Nd3 24. Rc2 Qa4 25. b3 Qe4 26. Rc4 Qe2 27. Ra4 1/2-1/2

[Event "Dieren op"]
[Site "Dieren"]
[Date "2001.07.17"]
[Round "1"]
[White "Plasman, Hans"]
[Black "Bosch, Jeroen"]
[Result "1-0"]
[WhiteElo "2215"]
[BlackElo "2475"]
[PlyCount "61"]
[EventDate "2001.07.17"]
[EventType "swiss"]
[EventRounds "9"]
[EventCountry "NED"]
[SourceTitle "CBM 083 Extra"]
[Source "ChessBase"]
[SourceDate "2001.09.11"]
[SourceVersion "1"]
[SourceVersionDate "2001.09.11"]
[SourceQuality "1"]

1. e4 c5 2. d4 cxd4 3. c3 g6 4. cxd4 d5 5. e5 Nc6 6. Nc3 Bg7 7. Be2 Nh6 8. g4 f6 9. f4 0-0 10. Be3 fxe5 11. fxe5 Nf7 12. Qb3 Be6 13. Qxb7 Rc8 14. 0-0-0 Rc7 15. Qa6 Qd7 16. h3 Rb8 17. Bb5 Rb6 18. Qa4 a6 19. Bxc6 Rbxc6 20. Qc2 Nd8 21. Nge2 Bf7 22. Kb1 g5 23. Qd2 h6 24. h4 Qxg4 25. hxg5 hxg5 26. Bxg5 Rg6 27. Rdg1 Qf5+ 28. Ka1 Nc6 29. Qf4 Qd7 30. Bh6 e6 31. Bxg7 1-0

[Event "Dieren op"]
[Site "Dieren"]
[Date "2000.07.25"]
[Round "7"]
[White "Plasman, Hans"]
[Black "Van der Elburg, Freddie"]
[Result "0-1"]
[WhiteElo "2218"]
[BlackElo "2354"]
[PlyCount "84"]
[EventDate "2000.07.18"]
[EventType "swiss"]
[EventRounds "9"]
[EventCountry "NED"]
[SourceTitle "CBM 077 Extra"]
[Source "ChessBase"]
[SourceDate "2000.09.14"]
[SourceVersion "1"]
[SourceVersionDate "2000.09.14"]
[SourceQuality "1"]

1. e4 c5 2. Nc3 e6 3. f4 a6 4. Nf3 Nc6 5. g3 d5 6. d3 d4 7. Ne2 Nf6 8. Bg2 Be7 9. 0-0 0-0 10. h3 Ne8 11. c4 dxc3 12. bxc3 b5 13. Be3 Bb7 14. Rb1 b4 15. cxb4 cxb4 16. g4 Qa5 17. Nd2 Nd6 18. Nb3 Qc7 19. Nc5 Nb5 20. Nxb7 Qxb7 21. Qa4 Rad8 22. Rfd1 Ncd4 23. Nxd4 Nxd4 24. Rd2 Bc5 25. Bf2 Qb6 26. Rc1 Rc8 27. Rc4 Rfd8 28. Qd1 Rc7 29. Kf1 Rdc8 30. Qa1 Rd8 31. Qb2 a5 32. Rd1 f6 33. Rdc1 e5 34. f5 Rdc8 35. Bxd4 Bxd4 36. Rxc7 Rxc7 37. Qb3+ Kf8 38. Rxc7 Qxc7 39. Qc4 Qxc4 40. dxc4 a4 41. Bf3 b3 42. axb3 a3 0-1

[Event "VAM Hoogeveen op"]
[Site "Hoogeveen"]
[Date "1999.10.22"]
[Round "8"]
[White "Plasman, Hans"]
[Black "Van der Weide, Karel"]
[Result "1-0"]
[WhiteElo "2152"]
[BlackElo "2434"]
[PlyCount "43"]
[EventDate "1999.10.15"]
[EventType "swiss"]
[EventRounds "9"]
[EventCountry "NED"]
[SourceTitle "EXT 2000"]
[Source "ChessBase"]
[SourceDate "1999.11.16"]
[SourceVersion "1"]
[SourceVersionDate "1999.11.16"]
[SourceQuality "1"]

1. e4 e6 2. d4 d5 3. Nc3 dxe4 4. Nxe4 Nd7 5. Nf3 Ngf6 6. Nxf6+ Nxf6 7. Bd3 c5 8. dxc5 Bxc5 9. Qe2 Qc7 10. Bg5 Bd7 11. 0-0-0 0-0-0 12. Kb1 Bc6 13. Ne5 Bxg2 14. Rhg1 Bc6 15. Bh4 Rd4 16. Rxg7 Rxh4 17. Rxf7 Qb6 18. Nxc6 bxc6 19. Ba6+ Kb8 20. Qe5+ Ka8 21. Bb7+ Qxb7 22. Rxb7 1-0

[Event "VAM Hoogeveen op"]
[Site "Hoogeveen"]
[Date "1999.10.21"]
[Round "7"]
[White "Visser, Yge"]
[Black "Plasman, Hans"]
[Result "1/2-1/2"]
[WhiteElo "2378"]
[BlackElo "2152"]
[PlyCount "227"]
[EventDate "1999.10.15"]
[EventType "swiss"]
[EventRounds "9"]
[EventCountry "NED"]
[SourceTitle "EXT 2000"]
[Source "ChessBase"]
[SourceDate "1999.11.16"]
[SourceVersion "1"]
[SourceVersionDate "1999.11.16"]
[SourceQuality "1"]

1. e4 e5 2. Nc3 Nc6 3. g3 h5 4. Nf3 h4 5. Nxh4 Rxh4 6. gxh4 Qxh4 7. d3 Bc5 8. Qd2 Nd4 9. Bg2 Nh6 10. h3 a6 11. Nd5 Ne6 12. c3 c6 13. Ne3 Nf4 14. Bf1 d5 15. Ng2 Nxg2+ 16. Bxg2 Be6 17. 0-0 f6 18. d4 Bxh3 19. f3 exd4 20. cxd4 Ba7 21. Qf2 Qxf2+ 22. Rxf2 Bxg2 23. Kxg2 Bxd4 24. Rd2 c5 25. exd5 0-0-0 26. Re2 Nf5 27. d6 Rxd6 28. Bf4 Rb6 29. Rd1 g5 30. Bc1 Bxb2 31. Bxb2 Rxb2 32. Rxb2 Ne3+ 33. Kg3 Nxd1 34. Rc2 b6 35. f4 Ne3 36. Re2 gxf4+ 37. Kxf4 Nd5+ 38. Kf5 Kd7 39. Rd2 Kc6 40. Ke6 Nc7+ 41. Kxf6 Nb5 42. Ke5 Nd4 43. Rf2 Kb5 44. Kd5 a5 45. Rb2+ Ka6 46. a4 Ka7 47. Rf2 Kb7 48. Rf7+ Ka6 49. Rh7 Ne2 50. Kc6 Nc3 51. Rh8 Ka7 52. Rh3 Nxa4 53. Kb5 Nb2 54. Rh7+ Kb8 55. Kxb6 Nc4+ 56. Kxc5 Ne5 57. Rh5 Nf7 58. Kc6 Kc8 59. Rh7 Nd8+ 60. Kb6 a4 61. Rc7+ Kb8 62. Rc3 Nb7 63. Ra3 Nd6 64. Rxa4 Nc8+ 65. Kc6 Na7+ 66. Kd7 Kb7 67. Rb4+ Ka6 68. Rb1 Nb5 69. Kc6 Na7+ 70. Kc5 Nc8 71. Rb8 Na7 72. Rb6+ Ka5 73. Rh6 Nb5 74. Rh2 Ka4 75. Rb2 Na3 76. Rb8 Nc2 77. Rb2 Na3 78. Rb4+ Ka5 79. Rh4 Nb5 80. Rh5 Ka4 81. Rh8 Na3 82. Rb8 Nc2 83. Kc4 Na3+ 84. Kd3 Nb5 85. Ra8+ Kb4 86. Ra1 Na3 87. Rh1 Kb3 88. Rh4 Nb5 89. Rh6 Kb4 90. Rh5 Nd6 91. Kd4 Nb5+ 92. Kd5 Nc3+ 93. Kc6 Kc4 94. Rh4+ Kd3 95. Kc5 Ne4+ 96. Kd5 Nc3+ 97. Ke5 Ke3 98. Rh3+ Kd2 99. Kd4 Ne2+ 100. Kc4 Kc2 101. Rd3 Nc1 102. Ra3 Kd2 103. Ra1 Kc2 104. Ra8 Kd2 105. Rd8+ Kc2 106. Kd4 Nb3+ 107. Ke3 Kc3 108. Rc8+ Kb4 109. Kd3 Nc5+ 110. Kd4 Nb3+ 111. Kd5 Nd2 112. Rb8+ Kc3 113. Ra8 Nb3 114. Ra4 1/2-1/2

[Event "VAM Hoogeveen op"]
[Site "Hoogeveen"]
[Date "1999.10.15"]
[Round "1"]
[White "Jonkman, Harmen"]
[Black "Plasman, Hans"]
[Result "1-0"]
[WhiteElo "2421"]
[BlackElo "2152"]
[PlyCount "57"]
[EventDate "1999.10.15"]
[EventType "swiss"]
[EventRounds "9"]
[EventCountry "NED"]
[SourceTitle "EXT 2000"]
[Source "ChessBase"]
[SourceDate "1999.11.16"]
[SourceVersion "1"]
[SourceVersionDate "1999.11.16"]
[SourceQuality "1"]

1. e4 e5 2. f4 exf4 3. Bc4 Nf6 4. Nc3 c6 5. Bb3 d5 6. exd5 cxd5 7. d4 Nc6 8. Bxf4 Be7 9. Nf3 0-0 10. 0-0 Na5 11. Qd3 Nxb3 12. axb3 a6 13. Bg5 h6 14. Bh4 Be6 15. Rae1 Re8 16. Ne5 g5 17. Bg3 Bf8 18. Nf3 Bg7 19. Be5 Nh5 20. Bxg7 Kxg7 21. Ne5 Rc8 22. Ne2 Rc7 23. c3 Rf8 24. Qf3 Nf6 25. Ng3 Ng8 26. Qd3 Kh8 27. Nh5 Qe8 28. Rf6 Re7 29. Ref1 1-0

[Event "Dieren op"]
[Site "Dieren"]
[Date "1999.07.28"]
[Round "9"]
[White "Plasman, Hans"]
[Black "Afek, Yochanan"]
[Result "0-1"]
[WhiteElo "2152"]
[BlackElo "2360"]
[PlyCount "72"]
[EventDate "1999.07.20"]
[EventType "swiss"]
[EventRounds "9"]
[EventCountry "NED"]
[SourceTitle "CBM 071 Extra"]
[Source "ChessBase"]
[SourceDate "1999.09.14"]
[SourceVersion "1"]
[SourceVersionDate "1999.09.14"]
[SourceQuality "1"]

1. e4 c5 2. Nf3 Nc6 3. d4 cxd4 4. Nxd4 g6 5. Nc3 Bg7 6. Nb3 Nf6 7. Be2 0-0 8. 0-0 d6 9. Bg5 Be6 10. Kh1 h6 11. Bh4 g5 12. Bg3 d5 13. Nc5 d4 14. Nb5 Bc8 15. Bc7 Qe8 16. Bg3 e5 17. c3 Qe7 18. cxd4 Rd8 19. Qc2 Nxd4 20. Nxd4 exd4 21. Bd3 Bg4 22. Nb3 Rac8 23. Qb1 Be6 24. Nd2 Qb4 25. Rd1 Nd7 26. a3 Qe7 27. Rc1 Ne5 28. Bxe5 Bxe5 29. Rxc8 Rxc8 30. Qd1 Qc7 31. Nf3 Bg4 32. Be2 Bxf3 33. Bxf3 Qc2 34. Qxc2 Rxc2 35. Rd1 Rxb2 36. Kg1 Rb3 0-1

[Event "Dieren op"]
[Site "Dieren"]
[Date "1999.07.23"]
[Round "4"]
[White "Ernst, Sipke"]
[Black "Plasman, Hans"]
[Result "1-0"]
[WhiteElo "2444"]
[BlackElo "2152"]
[PlyCount "150"]
[EventDate "1999.07.20"]
[EventType "swiss"]
[EventRounds "9"]
[EventCountry "NED"]
[SourceTitle "CBM 071 Extra"]
[Source "ChessBase"]
[SourceDate "1999.09.14"]
[SourceVersion "1"]
[SourceVersionDate "1999.09.14"]
[SourceQuality "1"]

1. Nf3 Nf6 2. c4 Nc6 3. d4 e6 4. a3 d5 5. Nbd2 g6 6. g3 Bg7 7. Bg2 0-0 8. 0-0 Re8 9. b4 e5 10. dxe5 Nxe5 11. Nxe5 Rxe5 12. Bb2 Re8 13. cxd5 Nxd5 14. Bxg7 Kxg7 15. Ne4 Nf6 16. Qxd8 Rxd8 17. Nc5 Rb8 18. Rfd1 Rxd1+ 19. Rxd1 b6 20. Nd3 Bg4 21. Rc1 Bxe2 22. Nf4 Bb5 23. Rxc7 a5 24. Ne6+ Kg8 25. Nd4 Bd7 26. Nc6 Re8 27. Kf1 axb4 28. axb4 Be6 29. Nd4 Bd5 30. b5 Ne4 31. Kg1 Ra8 32. h3 Ra1+ 33. Kh2 Rd1 34. Nc6 Kg7 35. Ne7 Ba8 36. Nc8 Rb1 37. Nxb6 Rxb5 38. Nxa8 Nxf2 39. Rd7 Rb2 40. Nc7 Ne4 41. Ne6+ Kf6 42. Nf4 h5 43. Rd4 Ng5 44. Rd3 Ne6 45. Nd5+ Ke5 46. Re3+ Kd4 47. Re4+ Kd3 48. Nf4+ Nxf4 49. Rxf4 f5 50. h4 Ke3 51. Kh3 Rb6 52. Bf1 Rb1 53. Bg2 Rb6 54. Bf3 Rb5 55. Bc6 Rb6 56. Be8 Re6 57. Bxg6 Rxg6 58. Rxf5 Rh6 59. g4 Ke4 60. Kg3 hxg4 61. Ra5 Rb6 62. Kxg4 Rb1 63. Kg5 Rg1+ 64. Kf6 Rh1 65. h5 Kf4 66. Ra4+ Kf3 67. Kg5 Rg1+ 68. Kf5 Rb1 69. Ra3+ Kf2 70. Kg5 Ke2 71. h6 Rg1+ 72. Kf6 Rf1+ 73. Kg7 Rg1+ 74. Kh8 Rh1 75. h7 Rg1 1-0

[Event "Dieren op"]
[Site "Dieren"]
[Date "1999.07.22"]
[Round "3"]
[White "Plasman, Hans"]
[Black "Gershon, Alik"]
[Result "1-0"]
[WhiteElo "2152"]
[BlackElo "2492"]
[PlyCount "75"]
[EventDate "1999.07.20"]
[EventType "swiss"]
[EventRounds "9"]
[EventCountry "NED"]
[SourceTitle "CBM 071 Extra"]
[Source "ChessBase"]
[SourceDate "1999.09.14"]
[SourceVersion "1"]
[SourceVersionDate "1999.09.14"]
[SourceQuality "1"]

1. e4 c5 2. Nf3 Nc6 3. d4 cxd4 4. Nxd4 Nf6 5. Nc3 e5 6. Ndb5 d6 7. a4 a6 8. Na3 Be6 9. Bc4 Rc8 10. 0-0 Nb4 11. Qe2 Qc7 12. b3 Be7 13. Rd1 0-0 14. Bg5 Ne8 15. Be3 Qd7 16. Nd5 Nxd5 17. Bxd5 Bxd5 18. exd5 Qf5 19. b4 Qg6 20. c4 f5 21. f3 f4 22. Bf2 Rf5 23. Rac1 a5 24. Rb1 Nf6 25. bxa5 Bd8 26. Rxb7 Bxa5 27. Nb5 Rd8 28. Na7 Re8 29. Nc6 Bd8 30. Rb8 Rg5 31. Bh4 Rh5 32. Rxd8 Qh6 33. Bxf6 Rxd8 34. Bxd8 Rxh2 35. Kf2 g5 36. Rg1 g4 37. fxg4 Kf7 38. Qe4 1-0

[Event "Dieren op"]
[Site "Dieren"]
[Date "1999.07.21"]
[Round "2"]
[White "Rabinovich, Alexander"]
[Black "Plasman, Hans"]
[Result "1-0"]
[WhiteElo "2413"]
[BlackElo "2152"]
[PlyCount "39"]
[EventDate "1999.07.20"]
[EventType "swiss"]
[EventRounds "9"]
[EventCountry "NED"]
[SourceTitle "CBM 071 Extra"]
[Source "ChessBase"]
[SourceDate "1999.09.14"]
[SourceVersion "1"]
[SourceVersionDate "1999.09.14"]
[SourceQuality "1"]

1. d4 Nf6 2. Bg5 e6 3. e4 h6 4. Bxf6 Qxf6 5. Nc3 Bb4 6. Qd2 0-0 7. f4 c5 8. e5 Qe7 9. a3 cxd4 10. axb4 dxc3 11. bxc3 f6 12. Nf3 fxe5 13. Nxe5 Qf6 14. g3 Nc6 15. Nxc6 bxc6 16. Bg2 a5 17. 0-0 a4 18. Rfe1 Rd8 19. Ra3 Qf5 20. Bxc6 1-0